000 02152nam0a2200361 4500
001 RU\NLR\bibl\1876457
005 20260408030052.0
010 _a978-5-93905-044-9
_9600
021 _aRU
_b2012-11169
_9842
035 _a(NLR Aleph) 001866258
090 _a2599541
_c2599541
100 _a20120302d2011 |||y0rusy50 ca
101 0 _arus
102 _aRU
105 _aa |||||||||
200 1 _aСеверная стратегия России: экологическая безопасность и этнокультурная политика
_eматериалы VI Северного социально-экологического конгресса, Сыктывкар, 20 апреля 2010 года, Москва 22-23 апреля 2010 года
_fотв. ред.: В.А. Черешнев - акад. РАН, д.м.н.
210 _aМосква
_cПервая Оперативная Типография
_d2011
215 _a447 с., [12] л. цв. ил., карт.
_cил.
_d24
225 1 _aРоссийский Север: социально-экологическая стратегия
300 _aНа авантит. в надзаг.: Ком. Гос. Думы Федер. Собр. Рос. Федерации по науке и наукоемким технологиям, Рос. акад. наук, Урал. отд-ние
320 _aБиблиогр. в конце докл.
606 1 _aЭкологическая безопасность
_jСъезды, совещания и т.п.
_yРоссийская Федерация
_yСевер
_92472788
_3RU\NLR\auth\661468484
686 _aУ28(2Р31)1я431
686 _aУ28(2Р1)1я431
702 1 _4340
_aЧерешнев
_bВ. А.
_cд-р мед. наук
_f1944-
_gВалерий Александрович
_9141134
_3RU\NLR\AUTH\770141170
711 1 2 _aСеверный социально-экологический конгресс
_d6
_f2010
_eСыктывкар/Москва
_3RU\NLR\AUTH\8810187527
_9868425
801 0 _aRU
_bNLR
_c20120302
_gRCR
801 1 _aRU
_bNLR
_c20120302
942 _cBOOK
980 _aNB
980 _aNBR